| 000 | 00653nam a22001937a 4500 | ||
|---|---|---|---|
| 003 | 0 | ||
| 005 | 20250426150050.0 | ||
| 008 | 250426b xxu||||| |||| 00| 0 eng d | ||
| 020 | _a978-971-9655-79-4 | ||
| 050 |
_aHF 57.7 _b.P47 2024 |
||
| 100 | _aPerida, Arcadio Jeffrey S. | ||
| 245 |
_aIntelligent leadership resilience _cArcadio Jeffrey S. Perida |
||
| 260 |
_aIntramuros, Manila _bMindshapers Co. Inc. _c2024 |
||
| 300 |
_ax, 184 pages; _c23cm. |
||
| 504 | _aIncludes bibliographical references. | ||
| 650 | _aLeadership -- Emotional intelligence. | ||
| 650 | _aResilience (Personality trait) -- Organizational behavior. | ||
| 942 |
_2lcc _cBK |
||
| 999 |
_c367421 _d367421 |
||